[Event "Naantali Avoin op"]
[Site "Naantali"]
[Date "2017.07.05"]
[Round "4"]
[White "Vierjoki, Timo"]
[Black "Tocklin, Tomi"]
[Result "1/2-1/2"]
[WhiteElo "1823"]
[BlackElo "1846"]
[PlyCount "71"]
[EventDate "2017.07.03"]
[EventType "swiss"]
[EventRounds "7"]
[EventCountry "FIN"]
[SourceTitle "EXT 2018"]
[Source "ChessBase"]
[SourceDate "2017.10.13"]
[SourceVersion "1"]
[SourceVersionDate "2017.10.13"]
[SourceQuality "1"]

1. e4 c6 2. d4 d5 3. Nc3 dxe4 4. Nxe4 Nf6 5. Nxf6+ gxf6 6. Nf3 Bf5 7. Bc4 e6 8. Bf4 Bd6 9. Bg3 Qc7 10. Qe2 Nd7 11. 0-0-0 0-0-0 12. Bd3 Bg6 13. Nd2 Bf4 14. Qf3 Bxg3 15. hxg3 Bxd3 16. Qxd3 f5 17. Rh6 Nf8 18. Qe3 Rg8 19. f4 Rg6 20. Rdh1 Qd6 21. c3 Qd5 22. Rxg6 hxg6 23. Nf3 Qxa2 24. Rh8 Qa5 25. Ng5 Qc7 26. Nf3 Nd7 27. Rh7 Nf6 28. Rh1 Ne4 29. Ne5 Nf6 30. Qe2 Nh5 31. Qf3 Rg8 32. g4 fxg4 33. Qxg4 Nf6 34. Qh4 Nh5 35. Qg4 Nf6 36. Qh4 1/2-1/2

[Event "Naantali op"]
[Site "Naantali"]
[Date "2011.07.09"]
[Round "8"]
[White "Pyylampi, Sauli"]
[Black "Vierjoki, Timo"]
[Result "1/2-1/2"]
[WhiteElo "1960"]
[BlackElo "1749"]
[PlyCount "108"]
[EventDate "2011.07.04"]
[EventType "swiss"]
[EventRounds "9"]
[EventCountry "FIN"]
[SourceTitle "CBM 143 Extra"]
[Source "ChessBase"]
[SourceDate "2011.08.29"]
[SourceVersion "1"]
[SourceVersionDate "2011.08.29"]
[SourceQuality "1"]

1. d4 Nf6 2. c4 e6 3. Nc3 Bb4 4. Qc2 b6 5. Bg5 Bb7 6. f3 d5 7. e3 0-0 8. Rc1 Nbd7 9. a3 Be7 10. b4 c5 11. cxd5 Nxd5 12. Bxe7 Qxe7 13. Kf2 cxb4 14. Nxd5 Bxd5 15. axb4 Qxb4 16. Bd3 f5 17. Ne2 Nf6 18. Rb1 Qd6 19. Qa4 Bc6 20. Qa1 Nd5 21. Rb3 Qe7 22. g3 Qg5 23. Bb1 Nf6 24. Rc1 Bd5 25. Ra3 Qh5 26. h4 Qxf3+ 27. Ke1 Be4 28. Ba2 Bd5 29. Bb1 a5 30. Kd2 Qf2 31. Bd3 Ng4 32. Bb5 Nh2 33. Rac3 Nf3+ 34. Kc2 Rac8 35. Kb2 Rxc3 36. Rxc3 Nd2 37. Qc1 Nc4+ 38. Bxc4 Bxc4 39. Rxc4 Qxe2+ 40. Kb3 b5 41. Rc8 Qd3+ 42. Kb2 Qe2+ 43. Kb1 a4 44. Rxf8+ Kxf8 45. Qc8+ Kf7 46. Qd7+ Kf6 47. Qd8+ Kg6 48. Qe8+ Kh6 49. Qxe6+ g6 50. d5 a3 51. Qe5 Qd2 52. Qf4+ Kg7 53. Qe5+ Kh6 54. Qf4+ Kg7 1/2-1/2

[Event "Naantali op"]
[Site "Naantali"]
[Date "2011.07.07"]
[Round "5"]
[White "Vierjoki, Timo"]
[Black "Paronen, Petteri"]
[Result "1/2-1/2"]
[WhiteElo "1749"]
[BlackElo "2145"]
[PlyCount "78"]
[EventDate "2011.07.04"]
[EventType "swiss"]
[EventRounds "9"]
[EventCountry "FIN"]
[SourceTitle "CBM 143 Extra"]
[Source "ChessBase"]
[SourceDate "2011.08.29"]
[SourceVersion "1"]
[SourceVersionDate "2011.08.29"]
[SourceQuality "1"]

1. c4 b6 2. Nc3 Bb7 3. d4 e6 4. e4 Bb4 5. Bd3 Ne7 6. Nf3 0-0 7. 0-0 Bxc3 8. bxc3 d6 9. Re1 Nd7 10. Bc2 e5 11. Bg5 Qe8 12. Ba4 Bc6 13. Bc2 Ng6 14. Nh4 f6 15. Nxg6 Qxg6 16. Bd2 Rfe8 17. d5 Bb7 18. Re3 Bc8 19. Rg3 Qf7 20. Bh6 g6 21. h4 Nc5 22. Qd2 f5 23. exf5 Bxf5 24. Re1 Bxc2 25. Qxc2 e4 26. h5 Re5 27. hxg6 hxg6 28. Qe2 Kh7 29. Bg5 Kg7 30. Be3 Rf5 31. Qg4 Re8 32. Qh4 Nd3 33. Bd4+ Ne5 34. Rxe4 Rh8 35. Bxe5+ dxe5 36. Qg4 Rxf2 37. Qxg6+ Qxg6 38. Rxg6+ Kxg6 39. Kxf2 Kf5 1/2-1/2

[Event "Lahti We LahS"]
[Site "Lahti"]
[Date "2011.??.??"]
[Round "1"]
[White "Patola, Eero"]
[Black "Vierjoki, Timo"]
[Result "1-0"]
[WhiteElo "1917"]
[BlackElo "1738"]
[PlyCount "105"]
[EventDate "2011.??.??"]
[EventType "swiss"]
[EventRounds "5"]
[EventCountry "FIN"]
[SourceTitle "EXT 2022"]
[Source "ChessBase"]
[SourceDate "2021.10.06"]
[SourceVersion "1"]
[SourceVersionDate "2021.10.06"]
[SourceQuality "1"]

1. e4 e5 2. c4 Nf6 3. Nc3 Nc6 4. g3 Bb4 5. Nge2 0-0 6. Bg2 d6 7. h3 Be6 8. d3 h6 9. 0-0 Bc5 10. Kh2 Nd4 11. f4 c6 12. f5 Bc8 13. g4 Nh7 14. Ng3 f6 15. Rb1 a5 16. a3 Bd7 17. Nce2 Qc7 18. Be3 Nxe2 19. Qxe2 Bxe3 20. Qxe3 c5 21. b4 axb4 22. axb4 b6 23. Ne2 Ra3 24. Rb2 Rfa8 25. Rfb1 Bc6 26. h4 Qd8 27. Ng1 Ra2 28. Nf3 Rxb2 29. Rxb2 Ra4 30. Qd2 Kf7 31. Bf1 Ra3 32. Be2 Ra8 33. Kg3 Qe7 34. Bd1 Qd8 35. Bb3 Ke8 36. Bd1 Kf7 37. Qc3 Qe7 38. Rb3 Qa7 39. Qd2 Qe7 40. Qc1 Ra7 41. Qb2 Qc7 42. Ng1 Ba4 43. bxc5 bxc5 44. g5 hxg5 45. Bh5+ Ke7 46. Rb8 gxh4+ 47. Kxh4 Qa5 48. Nf3 Ng5 49. Qg2 Nxf3+ 50. Bxf3 Qe1+ 51. Kh3 Be8 52. Qxg7+ Bf7 53. Qf8+ 1-0

[Event "Salo We SalSK"]
[Site "Salo"]
[Date "2011.??.??"]
[Round "2"]
[White "Vierjoki, Timo"]
[Black "Auvinen, Esa"]
[Result "1-0"]
[WhiteElo "1738"]
[BlackElo "1969"]
[PlyCount "47"]
[EventDate "2011.??.??"]
[EventType "swiss"]
[EventRounds "5"]
[EventCountry "FIN"]
[SourceTitle "EXT 2022"]
[Source "ChessBase"]
[SourceDate "2021.10.06"]
[SourceVersion "1"]
[SourceVersionDate "2021.10.06"]
[SourceQuality "1"]

1. c4 Nf6 2. g3 e6 3. Bg2 d5 4. d4 Be7 5. Nf3 b6 6. 0-0 Bb7 7. Bf4 0-0 8. Nbd2 Nbd7 9. Rc1 c5 10. e3 dxc4 11. Nxc4 Rc8 12. Nd6 Bxd6 13. Bxd6 Re8 14. Qa4 Bc6 15. Qa3 cxd4 16. Nxd4 Bxg2 17. Kxg2 Rxc1 18. Rxc1 Qa8+ 19. Kg1 Ne4 20. Rc7 Nxd6 21. Qxd6 Nf6 22. Nc6 Nd5 23. Rxa7 Qc8 24. e4 1-0

[Event "Espoo We MatSK op 2nd"]
[Site "Espoo"]
[Date "2010.03.01"]
[Round "4"]
[White "Vierjoki, Timo"]
[Black "Suominen, Antti"]
[Result "1/2-1/2"]
[WhiteElo "1690"]
[BlackElo "2018"]
[PlyCount "128"]
[EventDate "2010.02.26"]
[EventType "swiss"]
[EventRounds "5"]
[EventCountry "FIN"]
[SourceTitle "EXT 2022"]
[Source "ChessBase"]
[SourceDate "2021.10.06"]
[SourceVersion "1"]
[SourceVersionDate "2021.10.06"]
[SourceQuality "1"]

1. c4 Nf6 2. g3 e5 3. Bg2 c6 4. d4 exd4 5. Qxd4 d5 6. Nc3 Be6 7. cxd5 cxd5 8. Nf3 Nc6 9. Qa4 Bc5 10. 0-0 0-0 11. Bg5 h6 12. Bf4 d4 13. Nb5 Nd5 14. Bd2 Qb6 15. Na3 a6 16. Rac1 Qa7 17. Nb1 Rac8 18. a3 Rfe8 19. Ne1 Nb6 20. Qd1 Nc4 21. Nd3 Nxd2 22. Nxd2 Bf8 23. Nf3 g5 24. Nfe5 Nxe5 25. Nxe5 Rxc1 26. Qxc1 Rc8 27. Qb1 Qc5 28. Nf3 Bg7 29. Qe4 Qc2 30. Qxb7 g4 31. Nh4 Qxe2 32. b4 Qb5 33. Be4 Qxb7 34. Bxb7 Rc3 35. Bxa6 Rxa3 36. b5 Rb3 37. Ng2 Bc4 38. Rd1 Bxb5 39. Bxb5 Rxb5 40. Nf4 Rb3 41. Kg2 Kf8 42. h3 gxh3+ 43. Kxh3 Ke7 44. Kg4 Kd6 45. Nh5 Bh8 46. Kf4 Kd5 47. Kg4 Kc4 48. Nf4 d3 49. Kf3 Be5 50. Ng2 Kc3 51. Ne3 Bd4 52. Ke4 Bxe3 53. Rxd3+ Kc4 54. Rxb3 Kxb3 55. Kxe3 Kc4 56. Ke4 f6 57. g4 Kc3 58. f4 Kd2 59. Kd4 Ke2 60. Ke4 Kd2 61. f5 Ke2 62. Kd5 Kf3 63. Ke6 Kxg4 64. Kxf6 h5 1/2-1/2

[Event "Espoo We MatSK op 2nd"]
[Site "Espoo"]
[Date "2010.02.26"]
[Round "1"]
[White "Hynna, Kevin"]
[Black "Vierjoki, Timo"]
[Result "1-0"]
[WhiteElo "1914"]
[BlackElo "1690"]
[PlyCount "51"]
[EventDate "2010.02.26"]
[EventType "swiss"]
[EventRounds "5"]
[EventCountry "FIN"]
[SourceTitle "EXT 2022"]
[Source "ChessBase"]
[SourceDate "2021.10.06"]
[SourceVersion "1"]
[SourceVersionDate "2021.10.06"]
[SourceQuality "1"]

1. e4 e5 2. d4 exd4 3. Qxd4 Nc6 4. Qe3 d6 5. Nc3 g6 6. Bd2 Bg7 7. f4 Nf6 8. 0-0-0 Bg4 9. Nf3 Qe7 10. h3 Bxf3 11. Qxf3 a6 12. Re1 0-0-0 13. Nd5 Qf8 14. Bc3 Nd7 15. g4 h5 16. Bg2 Re8 17. e5 dxe5 18. Nb4 Ndb8 19. fxe5 Qe7 20. h4 Qc5 21. g5 Bxe5 22. Nd3 Qb5 23. a4 Qxa4 24. Bxe5 Rxe5 25. Rxe5 Nxe5 26. Qxb7+ 1-0

[Event "Loimaa We LoimSK"]
[Site "Loimaa"]
[Date "2010.??.??"]
[Round "4"]
[White "Tammi, Tauno"]
[Black "Vierjoki, Timo"]
[Result "0-1"]
[WhiteElo "1596"]
[BlackElo "1690"]
[PlyCount "102"]
[EventDate "2010.??.??"]
[EventType "swiss"]
[EventRounds "5"]
[EventCountry "FIN"]
[SourceTitle "EXT 2022"]
[Source "ChessBase"]
[SourceDate "2021.10.06"]
[SourceVersion "1"]
[SourceVersionDate "2021.10.06"]
[SourceQuality "1"]

1. e4 c5 2. b4 cxb4 3. d4 e6 4. Bd3 Nf6 5. f4 Nc6 6. Be3 d6 7. Qf3 Qa5 8. Nd2 Be7 9. Nb3 Qh5 10. Qxh5 Nxh5 11. Nf3 Nf6 12. h3 b6 13. g4 Bb7 14. g5 Nd7 15. Kf2 Na5 16. Nbd2 Rc8 17. Rab1 d5 18. e5 Nb8 19. f5 exf5 20. Bxf5 Rd8 21. h4 Bc8 22. Bd3 Be6 23. Nf1 Rc8 24. Ng3 Nc4 25. Bc1 Nc6 26. Nf5 Bf8 27. Bf4 N6a5 28. h5 Na3 29. Rbg1 Nxc2 30. Ng3 Rc3 31. Ke2 Bg4 32. Bxc2 Bxf3+ 33. Kf2 Bxh1 34. Ba4+ Kd8 35. Rxh1 Ra3 36. Bb5 Rxa2+ 37. Kf3 b3 38. Bd3 b2 39. Bb1 Ra1 40. Bd2 Nc4 41. Bc3 Ba3 42. Kg4 Be7 43. Bd3 Rxh1 44. Nxh1 Ba3 45. Ng3 g6 46. Ne2 Kd7 47. Be1 Rc8 48. Nf4 Ne3+ 49. Kf3 Nc2 50. Bb5+ Ke7 51. Nxd5+ Kf8 0-1

[Event "Salo We SalSK"]
[Site "Salo"]
[Date "2010.??.??"]
[Round "2"]
[White "Tocklin, Tomi"]
[Black "Vierjoki, Timo"]
[Result "1/2-1/2"]
[WhiteElo "1879"]
[BlackElo "1690"]
[PlyCount "55"]
[EventDate "2010.??.??"]
[EventType "swiss"]
[EventRounds "5"]
[EventCountry "FIN"]
[SourceTitle "EXT 2022"]
[Source "ChessBase"]
[SourceDate "2021.10.06"]
[SourceVersion "1"]
[SourceVersionDate "2021.10.06"]
[SourceQuality "1"]

1. e4 e5 2. Bc4 Nc6 3. c3 Nf6 4. d3 Bc5 5. Nf3 0-0 6. 0-0 d5 7. exd5 Nxd5 8. Re1 Qd6 9. Nbd2 Bb6 10. Ne4 Qd8 11. Ng3 Bg4 12. h3 Bxf3 13. Qxf3 Nde7 14. Bg5 Qd6 15. Rad1 Ng6 16. Ne4 Qd7 17. h4 Kh8 18. h5 Nge7 19. h6 Qf5 20. hxg7+ Kxg7 21. Qh5 Qg6 22. Qh3 f5 23. Bxe7 Nxe7 24. Nd2 Qf6 25. Nf3 Ng6 26. Qg3 Rae8 27. Re2 Re7 28. Rde1 1/2-1/2

[Event "FIN-chT1A 0910"]
[Site "Finland"]
[Date "2009.09.19"]
[Round "1.8"]
[White "Mottonen, Ari"]
[Black "Vierjoki, Timo"]
[Result "1-0"]
[WhiteElo "2056"]
[BlackElo "1692"]
[PlyCount "57"]
[EventDate "2009.09.19"]
[EventType "team-tourn"]
[EventRounds "7"]
[EventCountry "FIN"]
[SourceTitle "EXT 2022"]
[Source "ChessBase"]
[SourceDate "2021.10.06"]
[SourceVersion "1"]
[SourceVersionDate "2021.10.06"]
[SourceQuality "1"]
[WhiteTeam "Espoo MatSK II"]
[BlackTeam "Salo SK II"]
[WhiteTeamCountry "FIN"]
[BlackTeamCountry "FIN"]

1. Nf3 d5 2. g3 c5 3. Bg2 Nc6 4. 0-0 e5 5. c4 Nf6 6. cxd5 Nxd5 7. d3 Be7 8. Nc3 Be6 9. Bd2 0-0 10. a3 Rb8 11. Rc1 Qd7 12. Ng5 Nxc3 13. Rxc3 Bf5 14. f4 Bxg5 15. fxg5 Be6 16. Be3 b6 17. b4 Nd4 18. bxc5 Nb5 19. Rc1 Nxa3 20. c6 Qd6 21. Qa4 b5 22. Qxa7 Ra8 23. Qc5 Qc7 24. Ra1 Qa5 25. c7 b4 26. Bxa8 Rxa8 27. Qxa5 Rxa5 28. Bd2 Rb5 29. Bxb4 1-0